Stolice leżące w pobliżu równika - Statystyki

Ogólne statystyki
  • Ten quiz został rozwiązany 2 452 razy
  • Średni wynik to 9 z 20
Statystyki odpowiedzi
Szerokość geograficzna Stolica % Poprawnych
0°15′S Quito
75%
4°36′N Bogota
69%
1°17′S Nairobi
68%
4°20′S Kinszasa
66%
1°17′N Singapur
56%
3°09′N Kuala Lumpur
55%
4°16′S Brazzaville
48%
0°19′N Kampala
44%
0°23′N Libreville
44%
2°02′N Mogadiszu
41%
1°57′S Kigali
38%
4°11′N Male
38%
0°20′N São Tomé
32%
1°58N Ciudad de la Paz
31%
3°52′N Jaunde
31%
4°22′N Bangi
28%
3°26′S Gitega
27%
4°37′S Victoria
23%
0°33′S Yaren
19%
1°26′N Tarawa
16%
Nie znaleziono quizów pasujących do podanych kryteriów
Rozkład punktacji
Procent ludzi z każdym wynikiem
Percentyl według liczby udzielonych odpowiedzi
Twoja historia wyników
Nie rozwiązałeś tego quizu